Khimaira.

Bibliographic Details
Format: Journal
Language:French
Published: Ellezelles (Belgique) : Anthêsis, 1999-
Florange, France : Spootnik Studio
Subjects:
Online Availability: Check for online availability

MARC

Tag First Indicator Second Indicator Subfields
LEADER 00000nas a2200000Ii 4500
001 in00004743513
008 230920d19992008fr qr p 0 0fre d
005 20230920171117.4
035 |a (OCoLC)on1398311949 
040 |a TXA  |b eng  |e rda  |c TXA 
022 |a 1374-2167 
035 |a (OCoLC)1398311949 
050 4 |a PN6071.F25  |b K45 
222 0 |a Khimaira (Ellezelles) 
245 0 0 |a Khimaira. 
264 1 |a Ellezelles (Belgique) :  |b Anthêsis,  |c 1999- 
264 3 1 |3 <juil/sept 2006-> :  |a Florange, France :  |b Spootnik Studio 
300 |a volumes :  |b illustrations ;  |c 30 cm 
310 |a Quarterly 
336 |a text  |b txt  |2 rdacontent 
337 |a unmediated  |b n  |2 rdamedia 
338 |a volume  |b nc  |2 rdacarrier 
362 0 |a Began with: N° 1(1999); ceased with: n° 16 (2008, oct./déc.) 
515 |a Issues for 1999-oct./déc. 2004 called: n° 1-n° 24; janv./mars 2005-oct./déc. 2008 called: n° 1-n° 16. 
588 0 |a N° 07 (juillet/septembre 2006); title from cover. 
650 0 |a Fantasy fiction  |v Periodicals. 
650 0 |a Science fiction  |v Periodicals. 
650 0 |a Fantasy fiction  |x History and criticism  |v Periodicals. 
650 0 |a Science fiction  |x History and criticism  |v Periodicals. 
655 7 |a Science fiction.  |2 lcgft 
655 7 |a Fantasy fiction.  |2 lcgft 
655 7 |a Short stories.  |2 lcgft 
994 |a Z0  |b TXA 
948 |h HELD BY TXA - 0 OTHER HOLDINGS 
999 f f |s deafb73d-9fe1-4233-8a5d-de9e4939e814  |i 80f63dd9-e3b8-431b-9c57-cedff2e8c585  |t 0 
952 f f |p noncirc  |a Texas A&M University  |b College Station  |c Cushing Memorial Library & Archives  |d Cushing: Science Fiction (Does not check out)  |t 0  |e PN6071.F25 K45  |h Library of Congress classification  |i unmediated -- volume  |k no 7  |l 2006:juil./sept.  |m A1485297591I 
998 f f |a PN6071.F25 K45  |s no 7 (2006:juil./sept.)  |t 0  |l Cushing: Science Fiction (Does not check out)